Qué hacer con mi libro. He escrito un libro, y ahora, ¿Qué hago?
Guardat en:
| Autor principal: | |
|---|---|
| Format: | Llibre |
| Idioma: | espanyol |
| Publicat: |
Buenos Aires
Dunken
1999
|
| Edició: | 1a. ed |
| Matèries: | |
| Etiquetes: |
Afegir etiqueta
Sense etiquetes, Sigues el primer a etiquetar aquest registre!
|
MARC
| LEADER | 00000nam a2200000 a 4500 | ||
|---|---|---|---|
| 001 | UCJ7236 | ||
| 003 | CL-VaPUC | ||
| 008 | 070124e19990430AG |||||||||||||||||spa|d | ||
| 082 | 0 | 4 | |a 002 |b TRE |2 21 |
| 100 | 0 | |a Trenti Rocamora, José Luis |e author |9 515423 | |
| 245 | 1 | 0 | |a Qué hacer con mi libro. He escrito un libro, y ahora, ¿Qué hago? |
| 250 | |a 1a. ed | ||
| 300 | |a 43 p | ||
| 942 | |c BK | ||
| 945 | |d 20070124 00:00:00 |a rinostro | ||
| 260 | |a Buenos Aires |b Dunken |c 1999 | ||
| 650 | 0 | |a Tipografía |9 266998 | |
| 650 | 0 | |a Editoriales |9 387409 | |
| 650 | 7 | |a TECNOCA GRAFICA |2 CL-VaPUC |9 515424 | |
| 583 | |a last modification |c 20070124 00:00:00 |k Rodrigo Vera | ||
| 999 | |c 323332 |d 323330 | ||
| 952 | |0 0 |1 0 |4 0 |6 002_000000000000000_TRE_1999 |7 0 |8 X |9 402838 |a FDOBUD |b FDOBUD |d 2019-11-22 |i 1060287 |o 002 TRE 1999 |p 1060287 |r 2019-11-22 |w 2019-11-22 |y BK_X |k BUD | ||